Kedves Hallgatók!

Elmentve itt :
Bibliográfiai részletek
Szerző: Nagy Tamás
Dokumentumtípus: Cikk
Megjelent: Belvedere Meridionale Szeged 1996
Sorozat:Belvedere Meridionale 8 No. 5-6
Kulcsszavak:Történettudomány
Tárgyszavak:
Online Access:http://acta.bibl.u-szeged.hu/4514
LEADER 00675nab a2200193 i 4500
001 acta4514
005 20250825142436.0
008 161015s1996 hu o 000 hun d
040 |a SZTE Egyetemi Kiadványok Repozitórium  |b hun 
041 |a hun 
100 1 |a Nagy Tamás 
245 1 0 |a Kedves Hallgatók!  |h [elektronikus dokumentum] /  |c  Nagy Tamás 
260 |a Belvedere Meridionale  |b Szeged  |c 1996 
300 |a 37-38 
490 0 |a Belvedere Meridionale  |v 8 No. 5-6 
650 4 |a Bölcsészettudományok 
650 4 |a Történettudomány és régészet 
695 |a Történettudomány 
856 4 0 |u http://acta.bibl.u-szeged.hu/4514/1/belvedere_1996_005_006_037-038.pdf  |z Dokumentum-elérés